000 00557nam a2200181 i 4500
001 bg
100 1 _aFILIPOWICZ, Bronisław
245 0 _aZarys biochemii. Podręcznik dla studentów akademii medycznych /
_cBronisław Filipowicz, Władysław Więckowski.
250 _aWyd. 3 uzup.
260 _aWarszawa :
_bPańst. Zakł. Wydawn. Lekarskich,
_c1979.
300 _a478, [1] s. :
_brys.
700 1 _aWIĘCKOWSKI, Władysław
040 _cBPK
041 _apol
080 _a577.1(075.8)
942 _cKS
008 s pl f |000 0 pol
999 _c18684
_d18684
856 _uhttp://koha.tu.koszalin.pl/cgi-bin/koha/opac-detail.pl?biblionumber=18684
_yKatalog online BPK